Využitie RFID kódov pri realizácii údržby výrobných systémov v praxi

Saved in:
Bibliographic Details
Main Author: Boroš, Bruno (Author)
Other Authors: Červeňan, Andrej (Thesis advisor)
Format: Manuscript Book
Language:Slovak
Published: 2015
Subjects:
Online Access:http://is.stuba.sk/zp/portal_zp.pl?podrobnosti=113450
Tags: Add Tag
No Tags, Be the first to tag this record!

MARC

LEADER 00000ntm a22000003a 4500
001 stuzp53370
003 SK-STU
005 20160719154450.1
007 ta
008 150427s2015----xo-----f-mn---000-0-slo-d
040 |a STU  |b slo 
041 0 |a slo 
100 1 |a Boroš, Bruno  |u 020070  |4 aut  |U SjF Strojnícka fakulta  |T SjF Ústav výrobných systémov, enviromentálnej techniky a manažment kvality  |X 65798  |U J0070  |Y 804  |7 65798 
242 0 1 |a Maintanance of manufacturing system proposal with using of RFID in practice.  |y eng 
245 1 0 |a Využitie RFID kódov pri realizácii údržby výrobných systémov v praxi 
260 |c 2015 
650 4 |a PDA  |2 slo 
650 4 |a výbušné prostredie  |2 slo 
650 4 |a informačný systém  |2 slo 
650 4 |a údržba  |2 slo 
650 4 |a RFID  |2 slo 
650 4 |a maintanance  |2 eng 
650 4 |a FRID  |2 eng 
650 4 |a explosive atmosphere  |2 eng 
650 4 |a information system  |2 eng 
650 4 |a PDA  |2 eng 
700 1 |a Červeňan, Andrej  |4 ths  |X 2273  |7 A000002273 
856 4 |u http://is.stuba.sk/zp/portal_zp.pl?podrobnosti=113450 
996 |b 284J043863  |c J* 2153/DP  |l JJSK  |s A  |a 24  |w stuzp53370_0001 
SQL |a stuzp53370  |b DDP  |c SLO  |d Využitie RFID kódov pri realizácii údržby výrobných systémov v praxi  |e 65798  |f Boroš, Bruno  |g 020070  |h 2273  |i Červeňan, Andrej  |j 20150618  |k 649  |l 02  |m http://is.stuba.sk/zp/portal_zp.pl?podrobnosti=113450  |n I-KPSP  |o 5.2.57. kvalita produkcie